| 000 | 00862nam a2200241 i 4500 | ||
|---|---|---|---|
| 001 | 000002205 | ||
| 003 | DO-SdBNP | ||
| 005 | 20241022100051.0 | ||
| 007 | ta | ||
| 008 | 090701s2000 dr c 001 0 spa d | ||
| 040 |
_aDO-SdBNP _bspa _cBNPHU _erda |
||
| 082 | 4 |
_axxx _bR382n _222 |
|
| 245 | 0 | 0 |
_aRelación numérica de la colección completa del boletín eclesiástico de la Arquidiócesis de Santo Domingo 1884-1967 / _ceditor, Mons. Rafael Bello Peguero, Pbro. |
| 264 | 4 |
_aSanto Domingo : _bEditora amigo del Hogar, _c2000. |
|
| 300 |
_a65 páginas : _bretratos ; _c23 cm. |
||
| 336 |
_atexto _btxt _2rdacontent |
||
| 337 |
_asin mediación _bn _2rdamedia |
||
| 338 |
_avolumen _bnc _2rdacarrier |
||
| 500 | _aIncluye tabla de contenido | ||
| 590 | _aInventariado, 2024/BT | ||
| 700 | 1 |
_aBello Peguero, Rafael, _d1932-2022 _eeditor _4ed. _92405 |
|
| 942 |
_2ddc _cLBS1 |
||
| 999 |
_c2053 _d2053 |
||